MDQL
is popping MORE tags! Check the
thread
!
Quizzes
Events
Quiz Creation
Community
Videos
Private Events
Remove Ads
Sign In
Join for FREE
Feedback
Dark Mode
Quiz Categories
Sports
Geography
Music
Movies
Television
Just For Fun
Miscellaneous
History
Literature
Language
Science
Gaming
Entertainment
Religion
Holiday
For Kids
Quiz Lab
Recent
Popular Today
Quiz Kudos Today
Editor Picks
Curator Picks
Quizzes by...
Day
Popularity
Type
Ratings
Length
Year
Community
Subscriptions
Recent Discussions
Orange Saloon
Badges
Playlists
Quests
Create
Leaderboards
Showdown
Live 5
Trivia Bingo
Activity
Puzzle Library
Sporcle Events
Private Events
Virtual Trivia
Globe League
Become a Host
Pub Owners
SporcleCon
Opinionation
Our Games
Videos
Blog
Mobile Apps
Partnerships
Remove Ads and Go Orange
Feedback
Science
Computer
Plants
Astronomy
Chemistry
Elements
Math
Animal
Physics
Anatomy
Biology
Geology
General Science
Science
Computer
Plants
Astronomy
Chemistry
Elements
Math
Animal
Physics
Anatomy
Biology
Geology
General Science
Random Quiz
Search Sporcle
×
Quiz Lab
Quiz Lab
Science
Animal
Type in answers that appear in a list
Type in answers that appear in a list
Classic
Best Score? Go Orange.
Can You Name These Animals From the Odd Hints? Stats
Can you name the Animals From the Odd Hints?
By
tedleophelps
10m
20 Questions
60 Plays
60 Plays
60 Plays
Comments
Comments
Give Quiz Kudos
Give Quiz Kudos
-
- Ratings
hide this ad
Random Order
Randomize order of answers
Randomize order of answers
Replay
Link that replays current quiz
Next Quiz
Link to next quiz in quiz playlist
You Got
0%
They Got
Avg Score
44%
Avg Friend Score
Upgrade to see
Score Distribution
Jump to the score distribution portion of the page
Score
0/20
Timer
10:00
0
Plays Today
Hnt
Animal
% Correct
What is the bird with the largest egg?
Ostrich
80%
What is the only mammal that can fly?
Bat
75%
What ape is the closest relative to humans?
Orangutan
73.3%
What is the fastest mammal?
Cheetah
73.3%
What is the only feline that enjoys being in the water?
Tiger
71.7%
What is the largest species of bear?
Polar Bear
70%
What is the only poisonous mammal?
Platypus
53.3%
What is one of two venomous lizards?
Komodo Dragon
50%
What is the deadliest African animal?
Hippo
45%
What is the only insect to migrate?
Monarch Butterfly
45%
Hnt
Animal
% Correct
What is the largest New World cat?
Jaguar
41.7%
What is the fastest bird?
Peregrine Falcon
31.7%
What is the most dangerous shark?
Bull Shark
30%
What is the largest raptor?
Harpy Eagle
28.3%
What is the bird with the strongest stomach acid?
Vulture
26.7%
What is the fastest fish?
Sailfish
25%
What is the mammal with the highest metabolism?
Shrew
21.7%
What is the only animal that can control its heart beat?
Crocodile
21.7%
What is the most poisonous animal?
Jellyfish
18.3%
What shark lives the most north (closest to the North Pole)?
Greenland Shark
16.7%
Quiz Playlist
Details
Report
Send in Message
Add To Playlist
Classic:
Type in answers that appear in a list
Random Order:
Randomize order of answers
Last Updated: Feb 16, 2017
Quiz Scoreboard
CHALLENGE
Sign Up to Join the Scoreboard
Show All
Scores
Hide
Comments
May contain spoilers
Recently Published
5x2 Blitz: Bands
by SL_Kpop136
Music
30s
Colored Red Africa Blitz
by spor1
Geography
30s
Find the 'City' Movie
by crazypaving
Movies
60s
More to Explore
Quiz From the Vault
Featured Blog Post
14 Easter Pick-up Lines to Find Eggs With
hide this ad
You Might Also Like...
Tags
Animal Quiz
Movie Titles Quiz
Batman
Batman Movie
odd
Today's Top Quizzes in Science
Browse Science
hide this ad
Today's Top Quizzes in Animal
Browse Animal
Top Contributed Quizzes in Science
1
Glycolysis
2
Square Numbers Scrambled (1-50)
3
Astronomy Spelling Bee
4
Vet Tech Pharmacology Drug Contraindications
5
Missing Vowel Minefield: Lanthanides
6
Sorting Squares: Animals by Continent
7
'C' Flowers II
8
Criteria Quiz: The Solar System
9
Quick Pick: Radians
10
Elements In Images
Explore More
Trending Topics
Marvel
Anime
Kpop
Disney
Crossword
Harry Potter
NBA
Puzzle
NFL
The Office
WWE
Pokémon
Country
Song
Soccer
hide this ad
More By:
tedleophelps
Quiz
Plays
Rating
Category
Featured
Created
Can You Answer the Presidental Questions?
89
1.11
History
Apr 25, 2012
Can You Name All of the Olympic Swimming Races?
69
2.33
Sports
May 3, 2012
Can You Name These Animals From the Odd Hints?
60
2.67
Science
Apr 30, 2012
Go to Creator's Profile
Score Distribution
Quiz Creator Spotlight
tedleophelps
Follow
Send a Message
Quizzes Created
-
Created Quiz Play Count
-
More By This Creator
Popular Quizzes Today
1
Colored Red Africa Blitz
2
Find the 'City' Movie
3
Find the US States - No Outlines Minefield
4
5x2 Blitz: Bands
5
The Countries of the World
6
Find the US States
7
US States
8
9x9 Crossword: Cartoon Network
More Science Quizzes
The Sporcle Zoo X: Unusual Names
Published
Trending Quizzes
Colored Red Europe Blitz I
Colored Red Europe Blitz II
Colored Red Africa Blitz II
Colored Red Europe Blitz III
Colored Red Africa Blitz III
Recently Updated
How Do You Spell That?
pecheneg
Godzilla Movies
pecheneg
Grab Bag: 4-10 Letters
pecheneg
2024 March Madness Bracket
pecheneg
Famous TV Couples
Peacemaker
Champions League XIs: Real Madrid
pecheneg
Largest US Cities 1790-2010
pecheneg
Rides in Walt Disney World
pecheneg
Most Oscar Losses (Acting)
pecheneg
Beyoncé Albums
pecheneg
Trending Topics
Marvel
Disney
NBA
Crossword
Harry Potter
Kpop
Anime
NFL
Soccer
WWE
Pokémon
Puzzle
Song
Country
The Office
Your Account Isn't Verified!
In order to create a playlist on Sporcle, you need to verify the email address you used during registration. Go to your
Sporcle Settings
to finish the process.
Report this User
Report this user for behavior that violates our
Community Guidelines
.
Details:
Send Report
Go to the Sporcle.com Mobile Site →
Comments